000 00473nam a2200145Ia 4500
008 240729s9999 xx 000 0 und d
245 0 _aJournal of Public Administration and Development Alternatives
260 _aSouth Africa
260 _bBatalea Publishers
650 _a Political institutions and public administration (General)
650 _aPolitical science
856 _uhttps://doaj.org/toc/9101a80aa7d34f5698814b9c19f3c2d0
942 _2ddc
942 _cDOAJEJ
999 _c73390
_d73390
945 _a1
_bMadushi Gamage
_c1
_dMadushi Gamage